| 000 | 00346nam a22001457a 4500 | ||
|---|---|---|---|
| 008 | 230512b ||||| |||| 00| 0 eng d | ||
| 020 | _a2900071461930 | ||
| 041 | _aeng | ||
| 080 |
_2SECOND EDITION _a004 |
||
| 082 | _a004JAI | ||
| 100 | _a18 | ||
| 101 | _aSHKP | ||
| 245 |
_aSTATISTICS FOR THE UTTERLY CONFUSED _cJAISINGH.LL |
||
| 942 |
_2udc _cBK |
||
| 999 |
_c59698 _d59698 |
||